000 00301nam a2200145Ia 4500
100 _aHarrison/ Guy
942 _cBK
654 _aComputer
245 _aOracle Desk Reference
260 _bPrentice Hall
_c2000
082 _a005.133'O'
_bHAR
300 _a520
546 _aENGLISH
999 _c20962
_d20962